Vista normal
Vista MARC
Entrada Personal Name
Número de registros utilizados en: 1
001 - CONTROL NUMBER
- control field: 17968
003 - CONTROL NUMBER IDENTIFIER
- control field: Mx-PuUPA
005 - DATE AND TIME OF LATEST TRANSACTION
- control field: 20260325131817.0
008 - FIXED-LENGTH DATA ELEMENTS
- fixed length control field: 260325|| aca||aabn | a|a d
040 ## - CATALOGING SOURCE
- Original cataloging agency: Mx-PuUPA
- Language of cataloging: spa
- Transcribing agency: Mx-PuUPA
- Modifying agency: Mx-PuUPA
- Description conventions: rda
100 1# - HEADING--PERSONAL NAME
- Personal name: Salas García, Rogelio,
373 ## - ASSOCIATED GROUP
- Associated group: Universidad de las Islas Baleares España
- Associated group: Facultad de Salud Pública
374 ## - OCCUPATION
- Occupation: Autor
- Occupation: Doctor en nutrición humana
- Occupation: Profesor
- Occupation: Investigador
375 ## - GENDER
- Gender: hombre
377 ## - ASSOCIATED LANGUAGE
- Language code: spa
400 1# - SEE FROM TRACING--PERSONAL NAME
- Personal name: García, Rogelio Salas
670 ## - SOURCE DATA FOUND
- Source citation: Bases metodológicas para la intevención nutricional, 2022:
- Information found: t.p. ( Rogelio Salas García) portada